Responses for Show #1562 - Tuesday, May 21, 1991

Contestants

[<< previous game]

Donald Carter, a retired academician from Philadelphia, Pennsylvania

Dorothy Judd, a teacher & writer from West Orange, New Jersey

Mickey Tennenbaum, a teacher originally from The Hague, Holland (whose 1-day cash winnings total $17,500)

[next game >>]

Jeopardy! Round responses

WORLD GEOGRAPHY
SEWING
PROVERBS
ZOOLOGY
SPORTS TRIVIA
TV DADS
    $100 22
Ottawa

Donald
    $100 2
sleeves

Dorothy
    $100 5
a fish

Donald
    $100 16
Africa

Mickey
    $100 26
fencing

Mickey
    $100 1
Doogie Howser

Dorothy
    $200 24
Greece

Mickey
    $200 3
notions

Mickey
    $200 6
time

Mickey
    $200 17
her eggs

Donald
    $200 27
(Donald: [sighs before answering] What is the Heisman Trophy?)

the Vince Lombardi Trophy

Donald
Triple Stumper
    $200 4
Benson

Donald
    $300 21
Sugarloaf (Mountain)

Mickey
    $300 9
(Donald: What is a base stitch?)

a blind stitch

DorothyDonald
    $300 7
love

Mickey
    $300 18
squids

Donald
    $300 28
the American League

Mickey
    $300 12
John Hillerman

Triple Stumper
    $400 25
(Alex: And we have one minute to deal with SPORTS TRIVIA.)

the United Arab Emirates

Mickey
    $400 10
a bobbin

Dorothy
    $400 8
six feet

Dorothy
    $400 19
the red panda

Dorothy
    $400 29
tennis

Mickey
    $400 13
(Alex: He played [*]'s dad, or [*]'s father.)

Murphy Brown (Candy Bergen)

Triple Stumper
    $500 23
the Pyrenees

Mickey
    $500 11
crewel

Mickey
    $500 15
himself

Dorothy
    $500 20
the larval stage

Donald
    $500 30
Muhammad Ali

Mickey
    $500 14
Gregory Harrison

Mickey

Scores at the first commercial break (after clue 14):

Mickey Dorothy Donald
$1,700 $1,300 $0

Scores at the end of the Jeopardy! Round:

Mickey Dorothy Donald
$4,500 $2,200 $900

Double Jeopardy! Round responses

FILE UNDER "A"
FAMOUS RUSSIANS
MODERN HISTORY
ARCHITECTURE
AMERICAN LITERATURE
THE SUN
    $200 2
Attenborough

Mickey
    $200 16
Mikhail Gorbachev

Donald
    $200 1
Jefferson Davis

Dorothy
    $200 19
Venice

Dorothy
    $200 11
Indiana

Mickey
    $400 3
the Autobahn

Mickey
    $400 18
chess

Dorothy
    $400 7
de Gaulle

Mickey
    $400 20
Frank Lloyd Wright

Donald
    $400 12
A Connecticut Yankee in King Arthur's Court

Mickey
    $600 4
an astrolabe

Donald
    $600 17
Yakov Smirnoff

Mickey
    $600 8
Manchuria

Donald
    $1,700 21
(Christopher) Wren

Donald
    $600 13
James Fenimore Cooper

Mickey
    $600 26
How far is the sun from the earth?

Dorothy
    $800 5
the Appaloosa

Dorothy
    $800 22
(Mickey: Who is Alexandr Solzhenitsyn?)
...
(Alex: With a minute to go in the round.)

Andrei Sakharov

Mickey
Triple Stumper
    $800 9
(Fidel) Castro

Mickey
    $800 24
an alcove

Donald
    $800 14
Bernard Malamud

Mickey
    $800 27
(Donald: What is [*] or Apollo?)
(Alex: [*], yes.)
---
[Alex explains before Final Jeopardy that while usually adding additional, incorrect information would result in being ruled incorrect, the clue was not as precise as it could have been and so the ruling on Donald's response stands.]

Sol

Donald
    $1000 6
the Anti-Masons

Donald
    $1000 23
Horowitz

Mickey
    $1000 10
(Donald: Who is Bernadette Devlin?)

Bobby Sands

Donald
Triple Stumper
    $1000 25
Corinthian

Donald
    $3,000 15
[Upon reveal, Alex refers to this as "The other Daily Double", even though it i the first to be revealed in the round. He corrects himself before Mickey wagers.]

Winesburg, Ohio

Mickey
    $1000 28
(Dorothy: What is the corona?)
...
[The end-of-round signal sounds.]

the photosphere

Dorothy
Triple Stumper

Scores at the end of the Double Jeopardy! Round:

Mickey Dorothy Donald
$12,100 $3,400 $7,000

[wagering suggestions for these scores]

Final Jeopardy! Round responses

THE 1950s
DorothyWho is I wish I knew?
$3,300
DonaldWho was Pope John XXIII
$6,000
MickeyWho was King George VI
$2,000
Pope Pius XII

Final scores:

Mickey Dorothy Donald
$10,100 $100 $1,000
2-day champion: $27,600 3rd place 2nd place

Game dynamics:

Coryat scores:

Mickey Dorothy Donald
$10,100 $3,400 $5,900
25 R
(including 2 DDs),
1 W
12 R,
1 W
15 R
(including 1 DD),
3 W

Combined Coryat: $19,400

[game clues] [game scores] [suggest correction]

Game tape date: 1991-02-25
The J! Archive is created by fans, for fans. Scraping, republication, monetization, and malicious use prohibited; this site may use cookies and collect identifying information. See terms. The Jeopardy! game show and all elements thereof, including but not limited to copyright and trademark thereto, are the property of Jeopardy Productions, Inc. and are protected under law. This website is not affiliated with, sponsored by, or operated by Jeopardy Productions, Inc. Join the discussion at JBoard.tv.